| 000 | 00954nam0a22002531 4500 | ||
|---|---|---|---|
| 001 | rc\2805227 | ||
| 005 | 20250806210616.0 | ||
| 035 | _a(NLR Aleph) 006931178 | ||
| 090 |
_a24058 _c24058 |
||
| 100 | _a20110915d1945 u y0rusy50 ca | ||
| 101 | 0 | _arus | |
| 102 | _aRU | ||
| 105 | _ay z ||||| | ||
| 200 | 1 |
_aО лекциях по естествознанию _eСоветы начинающему лектору _fПроф. В. Прянишников _gРост. обл. лекц. бюро |
|
| 210 |
_a[Ростов-на-Дону] _cРостиздат _d1945 _gтип. им. Калинина |
||
| 215 |
_a19 с., без обл. _d13 см. |
||
| 700 | 1 |
_aПрянишников _bВ.И. _f1890-1980 _gВасилий Иосифович |
|
| 801 | 0 |
_aRU _bNLR _gpsbo |
|
| 801 | 1 |
_aRU _bELAR _2rusmarc |
|
| 852 |
_aNLR _jПр80 Г-2/131 |
||
| 942 | _cBOOK | ||
| 945 | _aРоссийская национальная библиотека | ||
| 980 | _aNB | ||
| 980 | _aBV | ||